[Event "Muensterland Verbandsklasse 1718"]
[Site "Germany"]
[Date "2017.11.25"]
[Round "3.8"]
[White "Hoetzel, Michael"]
[Black "Willermann, Norbert"]
[Result "1/2-1/2"]
[WhiteElo "1527"]
[BlackElo "1621"]
[PlyCount "78"]
[EventDate "2017.09.16"]
[EventType "team-tourn"]
[EventRounds "9"]
[EventCountry "GER"]
[SourceTitle "EXT 2019"]
[Source "ChessBase"]
[SourceDate "2018.10.10"]
[SourceVersion "1"]
[SourceVersionDate "2018.10.10"]
[SourceQuality "1"]
[WhiteTeam "Stadtlohn"]
[BlackTeam "Emsdetten Rochade III"]
[WhiteTeamCountry "GER"]
[BlackTeamCountry "GER"]

1. e4 c5 2. Nf3 d6 3. Nc3 Nf6 4. e5 dxe5 5. Nxe5 Nbd7 6. Nf3 g6 7. g3 Bg7 8. Bg2 0-0 9. 0-0 Rb8 10. Re1 b6 11. d3 Bb7 12. Bf4 Rc8 13. Rb1 Nd5 14. Nxd5 Bxd5 15. c4 Bb7 16. Bh3 e6 17. Ne5 Nxe5 18. Bxe5 Bxe5 19. Rxe5 Qd4 20. Re3 Rcd8 21. Qe2 Rd6 22. Bg2 Bxg2 23. Kxg2 Rfd8 24. Rd1 Qf6 25. a3 Rd4 26. Rd2 Qe7 27. Re4 Qb7 28. f3 R4d6 29. Kf2 Qd7 30. Re3 Rd4 31. b3 a6 32. Qd1 b5 33. Ke2 Qd6 34. Re4 e5 35. Rxd4 exd4 36. Kf2 Re8 37. Re2 Qd7 38. Rxe8+ Qxe8 39. Qe2 Kf8 1/2-1/2

[Event "Muensterland Verbandsklasse 1314"]
[Site "Germany"]
[Date "2014.03.08"]
[Round "7.5"]
[White "Kelecic, Dominik"]
[Black "Hoetzel, Michael"]
[Result "1/2-1/2"]
[WhiteElo "1711"]
[BlackElo "1405"]
[PlyCount "44"]
[EventDate "2013.09.21"]
[EventType "team-tourn"]
[EventRounds "9"]
[EventCountry "GER"]
[SourceTitle "EXT 2015"]
[Source "ChessBase"]
[SourceDate "2014.11.20"]
[SourceVersion "1"]
[SourceVersionDate "2014.11.20"]
[SourceQuality "1"]
[WhiteTeam "Suedlohn II"]
[BlackTeam "Stadtlohn"]
[WhiteTeamCountry "GER"]
[BlackTeamCountry "GER"]

1. e4 e5 2. Nf3 Nc6 3. d4 exd4 4. Nxd4 Bc5 5. Be3 Bxd4 6. Bxd4 Nf6 7. Nc3 d6 8. Bc4 Be6 9. Bb3 0-0 10. Qd2 Re8 11. f3 Bxb3 12. axb3 a6 13. 0-0 Nxd4 14. Qxd4 Qd7 15. Rfd1 Re7 16. Ra5 Qc6 17. Rg5 Kf8 18. Rd2 h6 19. Rf5 Rae8 20. Qb4 Re5 21. Rxe5 Rxe5 22. Ne2 Qc5+ 1/2-1/2